Germany... or Austria? - Statistics

General Stats
  • This quiz has been taken 399 times
  • The average score is 9 of 10
Answer Stats
Question Answer % Correct
Has access to the sea. Germany
99%
Borders France Germany
97%
Has a larger capital city. Germany
95%
Arnold Schwarzenegger was born in... Austria
93%
Was ruled by the Habsburgs. Austria
89%
Was reunified first. Austria
85%
Is less catholic. Germany
85%
Schnitzel comes from... Austria
77%
Directly elects its president Austria
77%
Ludwig van Beethoven was born in... Germany
76%
No matching quizzes found
Score Distribution
Percent of People with Each Score
Percentile by Number Answered
Your Score History
You have not taken this quiz